Adventures of a bookseller /

Bibliographic Details
Main Author: Orioli, Giuseppe, 1884-1942
Format: Book
Language:English
Published: London : Chatto & Windus, 1938.
Subjects:

MARC

Tag First Indicator Second Indicator Subfields
LEADER 00000cam a2200000Ia 4500
001 in00001992321
005 20151031112640.0
008 760617s1938 enk 000 0aeng d
035 |a (OCoLC)ocm02233257 
040 |a IRU  |c IRU  |d BOS  |d TXA  |d UtOrBLW 
049 |a TXAM 
090 |a Z340.O6  |b O6 1938b 
100 1 |a Orioli, Giuseppe,  |d 1884-1942. 
245 1 0 |a Adventures of a bookseller /  |c by G. Orioli. 
264 1 |a London :  |b Chatto & Windus,  |c 1938. 
300 |a 328 pages ;  |c 23 cm. 
336 |a text  |b txt  |2 rdacontent 
337 |a unmediated  |b n  |2 rdamedia 
338 |a volume  |b nc  |2 rdacarrier 
650 0 |a Booksellers and bookselling. 
600 1 0 |a Orioli, Giuseppe,  |d 1884-1942. 
994 |a E0  |b TXA 
948 |a cataloged  |b h  |c 2004/9/15  |d c  |e mzajicek  |f 8:38:47 am 
999 |a MARS 
999 f f |s 1a9e3f99-b0fe-3118-ae7a-9dbeda6ff467  |i f4e66f24-e754-3590-b1db-8bd88cbed400  |t 0 
952 f f |p noncirc  |a Texas A&M University  |b College Station  |c Cushing Memorial Library & Archives  |d Cushing: Literature/Mitchell (Does not check out)  |t 0  |e Z340.O6 O6 1938b  |h Library of Congress classification  |i unmediated -- volume 
998 f f |a Z340.O6 O6 1938b  |t 0  |l Cushing: Literature/Mitchell (Does not check out)